[Event "Koop Tjuchem op"]
[Site "Groningen"]
[Date "1996.??.??"]
[Round "6"]
[White "Miles, Anthony J"]
[Black "Poldauf, Dirk"]
[Result "1-0"]
[WhiteElo "2630"]
[BlackElo "2470"]

1.d4 Nf6 2.Bg5 g6 3.Bxf6 exf6 4.e3 Bg7 5.g3 O-O 6.Bg2 f5 7.Ne2 d6 8.c4 Nd7
9.Nbc3 Nf6 10.O-O Re8 11.Qd3 c6 12.b4 Qe7 13.b5 c5 14.Nf4 Be6 15.dxc5 dxc5
16.Rad1 Rad8 17.Ncd5 Bxd5 18.Nxd5 Nxd5 19.Bxd5 b6 20.Rd2 Be5 21.Rfd1 Kg7
22.Kg2 Qf6 23.Qa3 Bb8 24.Rd3 Rd6 25.Qa6 Red8 26.a4 h5 27.a5 h4 28.axb6 axb6
29.Qa1 hxg3 30.hxg3 g5 31.f4 gxf4 32.exf4 Re8 33.Kf3 Re7 34.Ra3 Rdd7 35.Qxf6+ Kxf6
36.Rh1 Bc7 37.Ra7 Re8 38.Rh7 Ree7 39.Rh8 Re1 40.Rc8 Ree7 41.Kf2 Bd8 42.Raa8 Re8
43.Rc6+ Ke7 44.Rh6 Rf8 45.Bc6 Rc7 46.Ra2 Rg8 47.Rd2 Ra7 48.Rh5 Ke6 49.Bd5+ Kf6
50.Bf3 Ra4 51.Be2 Ra3 52.Rd6+ Ke7 53.Rd3 Rxd3 54.Bxd3 Bc7 55.Bxf5 Rd8 56.Be4 Rg8
57.Bd5 Rg7 58.Rh8 f6 59.Kf3 Kd7 60.Rh3 Ke7 61.Ke4 Bd8 62.Kf5 Kd6 63.Rh8 Kd7
64.g4 Be7 65.Be6+ Kc7 66.Rc8+ Kb7 67.Rc6 Bd8 68.Bd5 Kb8 69.Re6 Kc7 70.Bc6 Rg8
71.Re3 Rg7 72.Rd3 Kc8 73.Ra3 Be7 74.Ra8+ Kc7 75.Ra7+ Kd8 76.Ke6  1-0

[Event "Hafnarfjordur op"]
[Site "Hafnarfjordur"]
[Date "1996.??.??"]
[Round "1"]
[White "Halldorsson, Bjorn"]
[Black "Thorfinnsson, Bragi"]
[Result "0-1"]
[WhiteElo "2270"]
[BlackElo "2155"]

1.d4 Nf6 2.Bg5 d5 3.e3 Nbd7 4.f4 c5 5.c3 Qb6 6.b3 Ne4 7.Nf3 cxd4 8.Qxd4 e6
9.Bd3 f6 10.Qxb6 Nxb6 11.Bh4 Nc5 12.Bc2 Bd6 13.Nbd2 O-O 14.O-O-O Bd7 15.Bg3 f5
16.Ne5 Bxe5 17.fxe5 Rac8 18.Kb2 a5 19.Nf3 a4 20.Nd4 Ra8 21.Bh4 a3+ 22.Kc1 Rfe8
23.Rhg1 Ne4 24.Bxe4 fxe4 25.Rgf1 Bc6 26.Rf2 Nd7 27.Bg3 Nc5 28.Kd2 Nd3 29.Rff1 Bd7
30.Rb1 Rec8 31.b4 b6 32.Rb3 Nb2 33.b5 Ra4 34.Rb4 Ra7 35.Rb3 Rac7 36.Rc1 h6
37.Ke2 Ra7 38.Nc2 Nc4 39.Nd4 Ra4 40.h3 Na5 41.Rbb1 Nc4 42.Bh2 Nb2 43.g4 Rac4
44.Kd2 R4c5 45.Bf4 Nc4+ 46.Ke2 Nb2 47.Kd2 Re8 48.Nc2 Nc4+ 49.Ke1 Bxb5 50.h4 Rec8
51.Nd4 Bd7 52.g5 hxg5 53.hxg5 Kf7 54.Kf2 Nb2 55.g6+ Kxg6 56.Rh1 Nd3+ 57.Ke2 Rxc3
58.Rxb6 Rc2+ 59.Nxc2 Rxc2+ 60.Kf1 Rxa2 61.Rh8 Rb2 62.Rxb2 Nxb2 63.Ke2 a2
64.Rh1 Bb5+ 65.Kd2 Bd3 66.Ra1 Bb1 67.Kc3 Nd3 68.Bg3 Kf5  0-1

[Event "Hlohovec op"]
[Site "Hlohovec"]
[Date "1996.??.??"]
[Round "2"]
[White "Koutsin, Sergey"]
[Black "Hanko, Pavel"]
[Result "1-0"]
[WhiteElo "2435"]
[BlackElo "2225"]

1.d4 Nf6 2.Bg5 g6 3.Bxf6 exf6 4.e3 Bg7 5.g3 O-O 6.Bg2 d5 7.Nd2 Be6 8.Ne2 Nd7
9.c4 c6 10.cxd5 cxd5 11.O-O f5 12.Qb3 Nf6 13.Nf4 Qd7 14.Rfc1 Rfc8 15.Bf1 Rxc1
16.Rxc1 Rc8 17.Rc3 Ne4 18.Nxe4 fxe4 19.Bb5 Rxc3 20.bxc3 Qd6 21.Nxe6 fxe6
22.c4 b6 23.cxd5 exd5 24.Qc2 Kf7 25.Qc8 Bf8 26.Bc6 Be7 27.Qa8 Qa3 28.Bxd5+ Kg7
29.Qg8+ Kh6 30.Bxe4 Bg5 31.Qb3 Qd6 32.h4 Be7 33.Kg2 a5 34.a4 Kg7 35.Qb5 Qe6
36.Qd5 Qc8 37.Qc6 Qd8 38.Qe6 Bb4 39.h5 Qd6 40.Qxd6 Bxd6 41.hxg6 hxg6 42.Bd3  1-0

[Event "NLD-chT9697"]
[Site "Holland"]
[Date "1996.??.??"]
[Round "?"]
[White "Piket, Marcel"]
[Black "Blees, Albert"]
[Result "1/2-1/2"]
[WhiteElo "2350"]
[BlackElo "2405"]

1.d4 Nf6 2.Bg5 c5 3.d5 Qb6 4.Nc3 Qxb2 5.Bd2 Qb6 6.e4 d6 7.f4 e5 8.dxe6 Bxe6
9.Rb1 Qc7 10.Nf3 Be7 11.f5 Bd7 12.Bc4 Bc6 13.O-O Nbd7 14.Bf4 a6 15.a4 O-O
16.Qe2 Rae8 17.Rfd1 Nh5 18.Bc1 Nb6 19.g4 Nf6 20.g5 Nxe4 21.Nxe4 d5 22.Rxb6 Qxb6
23.Bxd5 Bxd5 24.Rxd5 c4+ 25.Qf2 Qc6 26.Qd4 Rd8 27.Bb2 f6 28.Rxd8 Rxd8 29.Qe3 fxg5
30.Nfxg5 Rd5 31.Ne6 Rxf5 32.Nxg7 Qg6+ 33.Ng3 Bc5 34.Bd4 Bxd4 35.Qxd4 Rg5
36.Ne6 Rxg3+ 37.hxg3 Qxe6 38.Qd8+ Kg7 39.Qc7+ Qf7 40.Qe5+ Qf6 41.Qc7+  1/2-1/2

[Event "HUN-chT1 9596"]
[Site "HUN"]
[Date "1996.??.??"]
[Round "7"]
[White "Puschmann, Laszlo"]
[Black "Salanki, Endre"]
[Result "1/2-1/2"]
[WhiteElo "2340"]
[BlackElo "2235"]

1.d4 Nf6 2.Bg5 d5 3.c3 Nbd7 4.Nd2 g6 5.Ngf3 Bg7 6.e3 O-O 7.Bd3 c5 8.O-O b6
9.Qe2 Bb7 10.Ba6 Qc8 11.Bxb7 Qxb7 12.h3 Rfe8 13.Rad1 Rac8 14.Bf4 b5 15.Ne5  1/2-1/2

[Event "HUN-chT1 9596"]
[Site "HUN"]
[Date "1996.??.??"]
[Round "8"]
[White "Brandics, Jozsef"]
[Black "Tenyi, Jozsef"]
[Result "1-0"]
[WhiteElo "2300"]
[BlackElo "2185"]

1.d4 d5 2.Bg5 Nf6 3.Bxf6 gxf6 4.e3 Bf5 5.Ne2 e5 6.Ng3 Be6 7.Bd3 Nc6 8.c3 e4
9.Bb5 f5 10.f4 a6 11.Be2 Qh4 12.O-O Bd6 13.Nd2 O-O-O 14.b4 Rdg8 15.Rf2 Rg6
16.b5 axb5 17.Bxb5 Nb8 18.c4 Rh6 19.Ndf1 Qf6 20.c5 Be7 21.Rb1 Kd8 22.Qa4 Bc8
23.Qa8 Nc6 24.Bxc6 Qxc6 25.Nxf5 Rg6 26.Nxe7 Kxe7 27.Ng3 Rhg8 28.f5 Qa6 29.Qb8 Rc6
30.f6+ Kd7 31.Rf5 Qxa2 32.Rxb7 Rg6 33.Rb2 Qc4 34.Qb3  1-0

[Event "HUN-chT1 9596"]
[Site "HUN"]
[Date "1996.??.??"]
[Round "8"]
[White "Puschmann, Laszlo"]
[Black "Turzo, Attila"]
[Result "0-1"]
[WhiteElo "2340"]
[BlackElo "2265"]

1.d4 Nf6 2.Bg5 c5 3.d5 Qb6 4.Nc3 Qxb2 5.Bd2 Qb6 6.e4 d6 7.f4 e6 8.Nf3 Be7
9.Rb1 Qd8 10.Bb5+ Bd7 11.dxe6 fxe6 12.Bc4 b5 13.Bxb5 Bxb5 14.Rxb5 O-O 15.O-O Nc6
16.Be3 a6 17.Rb7 Na5 18.Rb1 Nc4 19.Bc1 d5 20.Qd3 Na5 21.exd5 exd5 22.Ng5 Qd7
23.Bd2 c4 24.Qh3 Qxh3 25.Nxh3 Nc6 26.Na4 Ne4 27.Be3 Nb4  0-1

[Event "HUN-chT1 9596"]
[Site "HUN"]
[Date "1996.??.??"]
[Round "9"]
[White "Brandics, Jozsef"]
[Black "Boronyak, Arpad"]
[Result "1-0"]
[WhiteElo "2300"]
[BlackElo "2310"]

1.d4 Nf6 2.Bg5 d5 3.Bxf6 gxf6 4.e3 e5 5.c4 c6 6.cxd5 Qxd5 7.Nc3 Qa5 8.Bc4 Bg7
9.Qh5 O-O 10.Nf3 Qb4 11.Bd3 h6 12.O-O Re8 13.a3 Qe7 14.Rad1 Nd7 15.Bf5 Nb6
16.Nh4 Be6 17.Bxe6 fxe6 18.dxe5 fxe5 19.Ne4 Nd5 20.Ng6 Qc7 21.g4 Rad8 22.g5 Qf7
23.gxh6 Bf6 24.f4 Kh7 25.Ng5+ Bxg5 26.fxg5 Qg8 27.Nxe5  1-0

[Event "HUN-chT1 9596"]
[Site "HUN"]
[Date "1996.??.??"]
[Round "13"]
[White "Kecskes, Gabor"]
[Black "Sarosi, Zoltan"]
[Result "1/2-1/2"]
[WhiteElo "2100"]
[BlackElo "2325"]

1.d4 Nf6 2.Bg5 d5 3.Bxf6 gxf6 4.e3 e6 5.Bd3 c5 6.b3 Nc6 7.Nd2 cxd4 8.exd4 Nxd4
9.Ne2 Nc6 10.O-O Bd7 11.c4 Ne5 12.Bc2 dxc4 13.Be4 Bc6 14.Bxc6+ Nxc6 15.Nxc4 Qxd1
16.Rfxd1 Bc5 17.Nc3 Ke7 18.Ne4 Bd4 19.Rac1 Rhd8 20.Ncd6 Rxd6 21.Nxd6 Kxd6
22.Rxc6+ Kxc6 23.Rxd4 Rg8 24.g3 h5 25.Rc4+ Kd6 26.Kf1 b5 27.Rd4+ Kc6 28.Rf4 Rg6
29.Rd4 Kc7 30.Rf4 a5 31.a3 Kd6 32.Rd4+ Ke7 33.Rd3 Rg5 34.Rc3 Kd7 35.Rf3 Ke7
36.Rc3 Kd7 37.Rf3 f5 38.Rd3+ Kc7 39.Rc3+ Kb6 40.Rc8 f4 41.Rb8+ Ka7 42.Rf8 Rf5
43.Ke2 fxg3 44.hxg3 Kb7 45.Ke3 b4 46.axb4 axb4 47.f4 Kc7 48.Ke4 Kb7 49.Kd4 h4
50.gxh4 Rxf4+ 51.Kc5 Kc7 52.h5 Rf5+  1/2-1/2

[Event "HUN-chT1 9697"]
[Site "Hungary"]
[Date "1996.??.??"]
[Round "4"]
[White "Puschmann, Laszlo"]
[Black "Szell, Lajos"]
[Result "1-0"]
[WhiteElo "2295"]
[BlackElo "2255"]

1.d4 Nf6 2.Bg5 g6 3.Bxf6 exf6 4.e3 Bg7 5.g3 d5 6.Bg2 c6 7.Ne2 Bg4 8.h3 Bxe2
9.Qxe2 f5 10.O-O Nd7 11.c4 dxc4 12.Qxc4 Nf6 13.Nc3 O-O 14.b4 Qe7 15.Rab1 Rac8
16.Rfc1 Rc7 17.Rc2 Rd7 18.b5 cxb5 19.Qxb5 Rc7 20.Qb3 b6 21.Rbc1 Rfc8 22.Bf1 g5
23.Ba6 Rd8 24.Nb5 Rxc2 25.Rxc2 f4 26.Rc7 Rd7 27.Rc8+ Rd8 28.Nxa7 Rxc8 29.Nxc8 Qd7
30.Nxb6 Qxh3 31.Bf1 Qg4 32.Nc4 fxe3 33.Qxe3 h6 34.Be2 Qf5 35.a4 Ng4 36.Qf3 Qb1+
37.Kg2 h5 38.Bd3 Qa2 39.Nd6 Bxd4 40.Bc4 Qxf2+ 41.Qxf2 Bxf2 42.Bxf7+ Kf8 43.Bxh5 Bc5
44.Ne4 Ne3+ 45.Kf3 Bb6 46.Nxg5 Nc4 47.Ne6+ Ke7 48.Nf4 Ba5 49.Bg6 Ne5+ 50.Ke4 Kf6
51.Be8 Nc4 52.Bb5 Nd6+ 53.Kf3 Kg5 54.Ne6+ Kf5 55.Nd4+ Kg5 56.Bd3 Be1 57.Nc6 Nb7
58.Be2 Na5 59.Nxa5 Bxa5 60.Ke4 Kf6 61.Kd5 Ke7 62.Kc6 Kd8 63.g4 Bd2 64.Kd6 Ke8
65.Ke6 Bc3 66.g5 Kf8 67.Bd3 Bd2 68.g6 Bc3 69.Kd6 Ke8 70.Bc4 Bb4+ 71.Kc6 Bc3
72.Kb5 Kd7 73.a5 Kc7 74.a6 Bd4 75.Bd5 Kb8 76.Kc6 Ka7 77.Bc4  1-0

[Event "Imperia op"]
[Site "Imperia"]
[Date "1996.??.??"]
[Round "3"]
[White "Zlochevskij, Alexander"]
[Black "Reznicek, Tomas"]
[Result "1-0"]
[WhiteElo "2415"]
[BlackElo "2265"]

1.d4 Nf6 2.Bg5 d5 3.Bxf6 exf6 4.e3 c6 5.c4 dxc4 6.Bxc4 Qb6 7.Qc2 Bd6 8.Nc3 Be6
9.Bxe6 fxe6 10.Nge2 O-O 11.O-O Nd7 12.Rfd1 Rad8 13.Ne4 Bb8 14.b4 Rfe8 15.Rab1 a6
16.g3 Nf8 17.N2c3 Qc7 18.Nc5 Qf7 19.Qb3 Bd6 20.N3e4 Kh8 21.a4 Qc7 22.b5 axb5
23.axb5 Bxc5 24.dxc5 Rd5 25.b6 Qd7 26.Ra1 Ra8 27.Rxa8 Rxd1+ 28.Kg2 Kg8 29.Nd6 Rxd6
30.cxd6 Qxd6 31.Rc8 c5 32.Qc4 Qxb6 33.Qxc5 Qxc5 34.Rxc5 e5 35.Rb5 Kf7 36.Rxb7+ Kg6
37.Re7 Kh6 38.e4 Ng6 39.Re8 Kg5 40.h4+ Kh5 41.Kh3  1-0

[Event "Imperia op"]
[Site "Imperia"]
[Date "1996.??.??"]
[Round "7"]
[White "Garrido, Denis"]
[Black "Keller, Rudolf"]
[Result "1-0"]
[WhiteElo "2215"]
[BlackElo "2180"]

1.d4 Nf6 2.Bg5 d5 3.Bxf6 exf6 4.e3 c6 5.Bd3 Bd6 6.c3 a5 7.Nd2 O-O 8.Qh5 g6
9.Qf3 f5 10.h3 Re8 11.Ne2 h5 12.O-O-O Be6 13.Nf4 Qg5 14.Rhg1 Bxf4 15.exf4 Qf6
16.Qg3 Nd7 17.Nf3 c5 18.Kb1 c4 19.Bc2 b5 20.Ne5 Nxe5 21.fxe5 Qe7 22.f4 b4
23.Qe3 bxc3 24.Qxc3 Reb8 25.a3 Rb6 26.Ka2 Bd7 27.Rb1 a4 28.g3 Rab8 29.Rge1 Rb3
30.Bxb3 axb3+ 31.Ka1 Ra8 32.Rbd1 Rxa3+ 33.bxa3 Qxa3+ 34.Kb1 Qa2+ 35.Kc1 Qa3+
36.Qb2 Qb4  1-0

[Event "ISR-chT"]
[Site "Israel"]
[Date "1996.??.??"]
[Round "3"]
[White "Kataev, Simcho"]
[Black "Kraidman, Yair"]
[Result "1-0"]
[WhiteElo "2355"]
[BlackElo "2365"]

1.d4 Nf6 2.Bg5 d5 3.Bxf6 gxf6 4.g3 c6 5.Bg2 f5 6.e3 Nd7 7.Ne2 Nf6 8.O-O e6
9.Nd2 Bd6 10.c4 Qe7 11.Qc2 Bd7 12.Nf3 Ne4 13.Nf4 Bxf4 14.exf4 O-O 15.Ne5 Rfd8
16.Rfd1 Be8 17.c5 Nf6 18.b4 a5 19.a3 Ra7 20.Rab1 axb4 21.axb4 Rda8 22.Rb2 Nd7
23.Bf1 Nf8 24.b5 f6 25.Nd3 cxb5 26.Ne1 Ra5 27.Rdb1 e5 28.dxe5 fxe5 29.fxe5 Qxe5
30.Nd3 Qc7 31.Nf4 d4 32.Qxf5 Qd7 33.Qg5+ Qg7 34.Qxg7+ Kxg7 35.Bxb5 Bg6 36.Bd3 Rxc5
37.Rxb7+ Kh6 38.h4 Rac8 39.R1b6 R8c6 40.Rxc6 Rxc6 41.g4 Ne6 42.g5+ Nxg5 43.hxg5+ Kxg5
44.Nxg6 hxg6 45.Rd7 Kf6 46.Rxd4 g5 47.Kg2 Rc3 48.Be2 Rc2 49.Bg4 Ke5 50.Ra4 Rc5
51.Kg3 Rc3+ 52.f3 Rc1 53.Ra5+  1-0

[Event "ISR-chT"]
[Site "Israel"]
[Date "1996.??.??"]
[Round "4"]
[White "Soffer, Ram"]
[Black "Greenfeld, Alon"]
[Result "1/2-1/2"]
[WhiteElo "2530"]
[BlackElo "2560"]

1.d4 Nf6 2.Bg5 d5 3.e3 Ne4 4.Bf4 g6 5.Nd2 Bg7 6.Bd3 Nxd2 7.Qxd2 c5 8.c3 Nc6
9.Nf3 O-O 10.O-O Qb6 11.h3  1/2-1/2

[Event "Jakarta"]
[Site "Jakarta"]
[Date "1996.??.??"]
[Round "?"]
[White "Hodgson, Julian M"]
[Black "Ye Jiangchuan"]
[Result "1-0"]
[WhiteElo "2550"]
[BlackElo "2540"]

1.d4 Nf6 2.Bg5 d5 3.e3 c6 4.Nd2 Qb6 5.Rb1 Bf5 6.Bxf6 exf6 7.Ne2 Nd7 8.g3 Bd6
9.Bg2 O-O 10.O-O Rfe8 11.Re1 Rad8 12.a3 Qc7 13.Rc1 b5 14.Ra1 a5 15.b3 Nb6
16.Qc1 Be6 17.Qb2 a4 18.Nc1 h5 19.Nd3 h4 20.Qc3 f5 21.Nf3 hxg3 22.hxg3 f6
23.Nc5 Bc8 24.Bf1 Kf7 25.Bg2 Rh8 26.Qa5 Bd7 27.Nxd7 Rxd7 28.Qc3 g6 29.Qd3 Ra8
30.Nh4 Rh8 31.f4 Rdd8 32.Kf2 axb3 33.cxb3 Ra8 34.Rh1 Kg7 35.Bf3 Qf7 36.Qc2 Rac8
37.Qd3 Rh6 38.Nxf5+ gxf5 39.Rxh6 Kxh6 40.Qxf5 Qg6 41.Qh3+ Kg7 42.Rh1 Re8
43.Bh5 Qc2+ 44.Be2 Kf7 45.Qh6 Bf8 46.Qh7+ Qxh7 47.Rxh7+ Ke6 48.Rc7 Kd6 49.Rb7 Na8
50.a4 bxa4 51.bxa4 Nc7 52.Rb6 Rc8 53.Bb5 Ne6 54.a5 Nd8 55.Bd3 Kc7 56.Rb1 Nb7
57.a6 Nd6 58.g4 Rb8 59.Rh1 Kb6 60.Rh7 Ra8 61.Kf3 Nb5 62.Rf7 Bb4 63.Rxf6 Rxa6
64.Bxb5 Kxb5 65.g5 Ra7 66.Re6 c5 67.dxc5 Bxc5 68.f5 Ra1 69.f6 Rg1 70.Kf4 Kc4
71.Kf5 Kd3 72.g6 Rf1+ 73.Ke5 d4 74.g7 Rg1 75.Kd5 dxe3 76.Kxc5 e2 77.f7 Rg5+
78.Kd6 Rg6 79.Rxg6 e1=Q 80.g8=Q Qb4+ 81.Kd7 Qb7+ 82.Ke6 Qe4+ 83.Kf6 Qd4+
84.Kg5 Qe3+ 85.Kf6 Qd4+ 86.Ke7 Qe5+ 87.Kf8 Qc5+ 88.Kg7  1-0

[Event "Jyvaskyla op2"]
[Site "Jyvaskyla"]
[Date "1996.??.??"]
[Round "6"]
[White "Rausis, Igors"]
[Black "Manninen, Marko"]
[Result "1-0"]
[WhiteElo "2490"]
[BlackElo "2380"]

1.d4 Nf6 2.Bg5 d5 3.Nd2 e6 4.Ngf3 h6 5.Bxf6 Qxf6 6.c4 dxc4 7.Qa4+ c6 8.Qxc4 Nd7
9.g3 Qe7 10.Bg2 Qb4 11.Qc2 Be7 12.O-O O-O 13.Rfd1 a5 14.Nc4 Rd8 15.a3 Qb5
16.e4 Nb6 17.Ne3 a4 18.h4 Bd7 19.Rac1 Be8 20.Bf1 Qa5 21.Be2 Rac8 22.Rd2 Nd7
23.Kg2 b5 24.Rcd1 Qa8 25.Kg1 Bf8 26.Bf1 Qb8 27.Qb1 c5 28.d5 exd5 29.Nxd5 Kh8
30.Bh3 Rc6 31.e5 Rcc8 32.Nf4 Qc7 33.e6  1-0

[Event "Kilkenny op"]
[Site "Kilkenny"]
[Date "1996.??.??"]
[Round "3"]
[White "Clarke, Thomas"]
[Black "Moynihan, Kieran"]
[Result "1-0"]
[WhiteElo "2230"]
[BlackElo "2140"]

1.d4 d5 2.Bg5 Nf6 3.Bxf6 exf6 4.e3 Bf5 5.c4 Bxb1 6.Rxb1 c6 7.a3 dxc4 8.Bxc4 Qa5+
9.Ke2 Qc7 10.h4 Nd7 11.h5 Rd8 12.Qc2 Nb6 13.Ba2 Bd6 14.Rc1 Qd7 15.Nf3 Nd5
16.Rh4 f5 17.Bb1 Be7 18.Rh3 Bf6 19.Qxf5 Qxf5 20.Bxf5 O-O 21.g4 h6 22.Rhh1 Rfe8
23.Rhd1 Nf4+ 24.Kf1 Ne6 25.b4 Nc7 26.Nd2 Nd5 27.Re1 Bg5 28.Nc4 Bf6 29.Na5 Re7
30.Rb1 a6 31.Rb3 Rf8 32.e4 Nf4 33.e5 Bg5 34.Rf3 Ne6 35.Bxe6 fxe6 36.Rxf8+ Kxf8
37.Nb3 Ke8 38.f3 Rf7 39.Ke2 Be7 40.Na5 Bh4 41.Rd1 Rd7 42.f4 Bd8 43.Nb3 Rf7
44.Ke3 Bb6 45.Ke4  1-0

[Event "Las Palmas op"]
[Site "Las Palmas"]
[Date "1996.??.??"]
[Round "6"]
[White "Miles, Anthony J"]
[Black "Romanishin, Oleg M"]
[Result "1/2-1/2"]
[WhiteElo "2630"]
[BlackElo "2555"]

1.d4 Nf6 2.Bg5 g6 3.Bxf6 exf6 4.e3 Bg7 5.g3 O-O 6.Bg2 c6 7.c4 d6 8.Nc3 Be6
9.b3 Qc8 10.d5 Bg4 11.dxc6 bxc6 12.Nge2 Rd8 13.h3 Bxe2 14.Nxe2 f5 15.Rc1 Qa6
16.Rc2 Nd7 17.O-O Nf6 18.Nd4 Rac8 19.Qb1 d5 20.cxd5 cxd5 21.Rfc1 Rxc2 22.Qxc2 Ne4
23.Nc6 Re8 24.Bxe4 dxe4 25.a4 Bf8 26.b4 Qb7 27.b5 h5 28.Qd2 a6 29.Qd5 axb5
30.axb5 Re6 31.Ra1 Rd6 32.Qc4 Qd7 33.Ra7 Qe6 34.Qxe6 Rxe6 35.Rc7 Bc5 36.Nd8 Rd6
37.Nxf7 Rd5 38.Rb7 Rd1+ 39.Kg2 Rd2 40.Kf1 Rd1+ 41.Ke2 Rb1 42.Ng5 Bb4 43.f3 Rb2+
44.Kd1 Bd2 45.fxe4 Bxe3 46.Nh7 Bd4 47.exf5 gxf5 48.Ng5 Be3 49.Ne6 Rd2+ 50.Ke1 Rb2
51.Ng7 h4 52.gxh4 f4 53.Ne6 Bf2+ 54.Kd1 Be3 55.Ng5 Rf2 56.Rf7 Rd2+ 57.Ke1 Rb2
58.Rf5 Bf2+ 59.Kd1 Bxh4 60.Kc1 Rb4 61.Kc2 Bxg5 62.Rxg5+ Kf7 63.Kc3 Rb1 64.Kc4 Ke6
65.Kd4 Rb3 66.Kc5 Rxh3 67.b6 Kd7 68.Rg8 Rb3 69.Rf8 f3  1/2-1/2

[Event "SWE-ch"]
[Site "Linkoping"]
[Date "1996.??.??"]
[Round "4"]
[White "Hall, Jesper"]
[Black "Lind, Jan Olov"]
[Result "1-0"]
[WhiteElo "2425"]
[BlackElo "2310"]

1.d4 Nf6 2.Bg5 c5 3.Bxf6 gxf6 4.e3 d5 5.Nf3 Nc6 6.c4 cxd4 7.exd4 dxc4 8.Bxc4 a6
9.Nc3 Rg8 10.d5 Ne5 11.Nxe5 fxe5 12.Qf3 Qd6 13.O-O f5 14.Qe2 Bd7 15.Bb3 O-O-O
16.Ba4 Kb8 17.Bxd7 Rxd7 18.Rfe1 Bg7 19.Rad1 Bh8 20.Qf3 Rg5 21.h4 e4 22.Rxe4 Rxg2+
23.Qxg2 Bxc3 24.Re6 Qxe6 25.dxe6 Rxd1+ 26.Kh2 Be5+ 27.Kh3 Rd3+ 28.f3 Rd8
29.Qg5 Bd6 30.h5 Rc8 31.Qxf5 h6 32.Qh7 Rf8 33.Qxh6 Rxf3+ 34.Kg2 Rf6 35.Qxf6 exf6
36.h6 Bf8 37.h7 Bg7 38.e7  1-0

[Event "SWE-ch"]
[Site "Linkoping"]
[Date "1996.??.??"]
[Round "8"]
[White "Hall, Jesper"]
[Black "Moberg, Karl Johan"]
[Result "1-0"]
[WhiteElo "2425"]
[BlackElo "2405"]

1.d4 Nf6 2.Bg5 d5 3.Bxf6 gxf6 4.e3 c5 5.dxc5 e6 6.c4 dxc4 7.Qa4+ Nc6 8.Qxc4 Qa5+
9.Nc3 Bxc5 10.Nf3 Bd7 11.Be2 Bb4 12.O-O Bxc3 13.bxc3 Rc8 14.Rab1 b6 15.Rb5 Qa3
16.Qh4 f5 17.e4 fxe4 18.Ng5 Qe7 19.Qxe4 Nd8 20.Qd4 f6 21.Ne4 O-O 22.Rh5 e5
23.Qd2 Ne6 24.Nd6 Rc7 25.Nf5 Qc5 26.g3 Be8 27.Rh4 b5 28.Rd1 Bg6 29.Ne3 Rd8
30.Qc1 Qxc3 31.Rxd8+ Nxd8 32.Bc4+ Rxc4 33.Rxc4 Qxc1+ 34.Rxc1 Ne6 35.Rc8+ Kg7
36.Ra8 Nd4 37.Rxa7+ Kh6 38.Nd5 Kg5 39.h4+ Kf5 40.Ra5 Ke4 41.Nxf6+  1-0

[Event "Lisboa Masters-B"]
[Site "Lisboa"]
[Date "1996.??.??"]
[Round "5"]
[White "Amaral, Nuno"]
[Black "Dantas, Carlos"]
[Result "1-0"]
[WhiteElo "2195"]
[BlackElo "2165"]

1.d4 Nf6 2.Bg5 d5 3.Bxf6 gxf6 4.e3 c6 5.c4 e5 6.Nc3 Be6 7.cxd5 cxd5 8.Qb3 Qd7
9.Nf3 Nc6 10.Be2 Rc8 11.O-O Rg8 12.g3 a6 13.Rfd1 Rd8 14.Rac1 e4 15.Nh4 Bb4
16.Ng2 Bxc3 17.Rxc3 Ke7 18.Rdc1 Rc8 19.Qb6 Qc7 20.Qb3 Qd7 21.Nf4 Ra8 22.Qb6 Rgc8
23.Bd1 Qc7 24.Qc5+ Qd6 25.Bb3 Nb4 26.Qxd6+ Kxd6 27.Rxc8 Rxc8 28.Rxc8 Bxc8
29.a3 Nd3 30.Nxd3 exd3 31.Kf1 Bg4 32.Ke1 Ke6 33.Kd2 Be2 34.Ba2 h6 35.e4 f5
36.Bxd5+  1-0

[Event "Lisboa Masters"]
[Site "Lisboa"]
[Date "1996.??.??"]
[Round "9"]
[White "Fernandes, Antonio"]
[Black "Pinheiro, Jose"]
[Result "1/2-1/2"]
[WhiteElo "2380"]
[BlackElo "2250"]

1.d4 Nf6 2.Bg5 g6 3.Bxf6 exf6 4.e3 Bg7 5.h4 h5 6.Nd2 d6 7.c3 O-O 8.Ne2 Re8
9.Nf4 Nd7 10.Bc4 Nf8 11.Qf3 c6 12.Bb3 Qd7 13.Rc1 Qg4 14.Qxg4 Bxg4 15.f3 Bf5
16.Kf2 Bh6 17.g3 Re7 18.Rce1 Rd8 19.Rhg1 Bc8 20.a3 f5 21.Re2 Kg7 22.Rge1 Nh7
23.Rd1 Nf6 24.Nf1 Kf8 25.Ba2 b6 26.Rc2 Ba6 27.c4 Bb7 28.b4 Rc7 29.Nd2 Re8
30.Nb3 Rce7 31.Rc3 Nd7 32.c5 dxc5 33.bxc5 bxc5 34.Na5 cxd4 35.Rxd4 Ba8 36.Nxc6 Bxc6
37.Rxc6 Bxf4 38.gxf4 Rxe3 39.Bxf7 Kxf7 40.Rxd7+ R8e7 41.Rxe7+ Rxe7 42.Ra6 Kg7
43.a4 Kf7 44.a5 Kg7 45.Rc6 Kf7  1/2-1/2

[Event "Litomysl op"]
[Site "Litomysl"]
[Date "1996.??.??"]
[Round "7"]
[White "Jirovsky, Pavel"]
[Black "Ciganikova, Andrea"]
[Result "1/2-1/2"]
[WhiteElo "2325"]
[BlackElo "2105"]

1.d4 Nf6 2.Bg5 g6 3.Bxf6 exf6 4.e3 Bg7 5.Bd3 O-O 6.Ne2 f5 7.O-O d6 8.c3 Nd7
9.Nd2 Nf6 10.a4 b6 11.a5 Bb7 12.b4 Qe7 13.Nf4 Nd5 14.Nxd5 Bxd5 15.Be2 c5
16.Bf3 Bxf3 17.Qxf3 b5 18.a6 Rab8 19.bxc5  1/2-1/2

[Event "Ljubljana op"]
[Site "Ljubljana"]
[Date "1996.??.??"]
[Round "3"]
[White "Semrl, Marjan"]
[Black "Kodric, Martin"]
[Result "1/2-1/2"]
[WhiteElo "2150"]
[BlackElo "2270"]

1.d4 Nf6 2.Bg5 d5 3.Bxf6 gxf6 4.c4 c6 5.e3 Qa5+ 6.Nc3 e6 7.cxd5 cxd5 8.Bd3 Ba3
9.Qd2 Bd6 10.f4 Nc6 11.Nf3 Bd7 12.O-O f5 13.a3 Qd8 14.Rac1  1/2-1/2

[Event "Asia-ch Boys"]
[Site "Macau"]
[Date "1996.??.??"]
[Round "?"]
[White "Bagheri, Amir"]
[Black "Mas, Hafizulhelmi"]
[Result "0-1"]
[WhiteElo "2270"]
[BlackElo "2290"]

1.d4 Nf6 2.Bg5 c5 3.dxc5 Qa5+ 4.Qd2 Qxc5 5.Nc3 h6 6.Be3 Qa5 7.Nf3 Nc6 8.a3 e6
9.Rd1 d5 10.g3 Ng4 11.Bg2 Nxe3 12.Qxe3 Be7 13.O-O O-O 14.Qd2 Bf6 15.e3 Bxc3
16.Qxc3 Qxc3 17.bxc3 b6 18.Rfe1 Ba6 19.Nd2 Rac8 20.e4 d4 21.Nb1 e5 22.f4 f6
23.Bf1 Bxf1 24.Rxf1 dxc3 25.Nxc3 Rfe8 26.Rd7 Nb8 27.Rd3 Rc5 28.fxe5 Rcxe5
29.Rf5 Nc6 30.Rd7 Rc8 31.Rf2 Nb8 32.Rd3 Kf7 33.Kf1 Rec5 34.Rff3 Nc6 35.Na4 Rc4
36.Nb2 Rxc2 37.Rf2 Ne5 38.Rdd2 Rxd2 39.Rxd2 Rc3 40.a4 Ke6 41.Ke2 Nc4 42.Nd1 Ra3
43.Rd4 Rxa4 44.Nc3 Rb4 45.Rd8 Rb2+  0-1

[Event "ITA-ch"]
[Site "Mantova"]
[Date "1996.??.??"]
[Round "5"]
[White "Isonzo, Davide"]
[Black "Tatai, Stefano"]
[Result "0-1"]
[WhiteElo "2175"]
[BlackElo "2375"]

1.d4 Nf6 2.Bg5 d5 3.e3 c5 4.Bxf6 gxf6 5.c3 Nc6 6.g3 cxd4 7.exd4 Bf5 8.Bg2 e6
9.Nd2 Be7 10.Ne2 Qc7 11.O-O O-O 12.Nf4 Kh8 13.Re1 Na5 14.Nf1 Bd6 15.Nh5 Qd8
16.Ne3 Bg6 17.Qf3 Be7 18.Nf4 Rc8 19.Bh3 Rc6 20.b4 Be4 21.Qh5 Nc4 22.Nexd5 exd5
23.Rxe4 Nd6 24.Re3 Rg8 25.Nxd5 Bf8 26.Nf4 Qc7 27.Nd5 Qd8 28.Qf3 Nc4 29.Re2 Rg5
30.Nf4 Nd6 31.Rc1 a5 32.a3 axb4 33.axb4 Qb8 34.d5 Rc4 35.Bg2 Qc8 36.Re3 Qf5
37.Bf1 Qxf4 38.Qxf4 Rxf4 39.h4 Rxh4 40.Bg2 Rc4 41.Bf1 Rc8 42.Bg2 f5  0-1

[Event "SVK-ch"]
[Site "Martin"]
[Date "1996.??.??"]
[Round "5"]
[White "Drozdov, Alexandre"]
[Black "Lancz, Ondrej"]
[Result "1-0"]
[WhiteElo "2265"]
[BlackElo "2045"]

1.d4 Nf6 2.Bg5 c5 3.Bxf6 gxf6 4.dxc5 Qa5+ 5.Nc3 Qxc5 6.Nf3 d6 7.g3 Bd7 8.Bg2 Nc6
9.O-O Rc8 10.Nd2 f5 11.e4 Bg7 12.exf5 Bxf5 13.Nde4 Qa5 14.Re1 O-O 15.Nd5 Qd8
16.c3 e6 17.Nxd6 Bc2 18.Qxc2 Qxd6 19.Nf4 Qc5 20.Qe2 Rfd8 21.Nh5 Qg5 22.Nxg7 Kxg7
23.Rad1 h5 24.h4 Qa5 25.Bf3 Rh8 26.Rd7 Nd8 27.Qe3  1-0

[Event "SVK-ch"]
[Site "Martin"]
[Date "1996.??.??"]
[Round "7"]
[White "Drozdov, Alexandre"]
[Black "Manik, Mikulas"]
[Result "0-1"]
[WhiteElo "2265"]
[BlackElo "2345"]

1.d4 Nf6 2.Bg5 c5 3.Bxf6 gxf6 4.d5 Qb6 5.Qc1 d6 6.Nd2 Bg7 7.c3 f5 8.Ngf3 Nd7
9.Nc4 Qa6 10.Ne3 Bh6 11.Qc2 Bxe3 12.fxe3 Nf6 13.c4 b5 14.b3 bxc4 15.bxc4 Qa5+
16.Nd2 Ng4 17.Qb3 Ba6 18.g3 Ne5 19.Rc1 O-O 20.Qc3 Qxc3 21.Rxc3 Rfb8 22.Bh3 Bxc4
23.Bxf5 Bxd5 24.O-O Rb2 25.Rc2 Rxc2 26.Bxc2 Bxa2 27.Ra1 Bd5 28.e4 Bc6 29.Nf3 f6
30.Nxe5 fxe5 31.Bb3+ Kg7 32.Rf1 Rf8 33.Ra1 Bxe4 34.Rxa7 Kf6 35.Kf2 d5 36.Ke3 Rb8
37.Ba4 Bf5 38.Ra6+ e6 39.Kf3 Rb4 40.Bc6 d4 41.Ra3 h5 42.Be8 c4 43.Ra7 e4+
44.Kf2 c3 45.Rc7 e3+ 46.Kg2 c2 47.Bxh5 Rb1  0-1

[Event "Wch U20 Girls"]
[Site "Medellin"]
[Date "1996.??.??"]
[Round "5"]
[White "Danielian, Elina"]
[Black "Krupkova, Petra"]
[Result "0-1"]
[WhiteElo "2330"]
[BlackElo "2325"]

1.d4 Nf6 2.Bg5 c5 3.Bxf6 gxf6 4.d5 Qb6 5.Qc1 f5 6.e3 Bg7 7.c3 e6 8.Bd3 Qd6
9.e4 fxe4 10.Bxe4 f5 11.Bf3 O-O 12.dxe6 dxe6 13.Na3 Nc6 14.Qd1 Qe7 15.Nc4 Rd8
16.Qb3 Kh8 17.Bxc6 bxc6 18.Ne2 e5 19.Na5 Qg5 20.f4 exf4 21.O-O Ba6 22.Rae1 Rg8
23.Rf2 Rae8 24.Qd1 Re4 25.Nb3 Rd8 26.Qc1 Qe7 27.Kf1 Bf6 28.Nd2 Re3 29.c4 Bh4
30.g3 fxg3 31.hxg3 Bg5 32.Nf4 Rxe1+ 33.Qxe1 Qxe1+ 34.Kxe1 Re8+ 35.Kd1 Re3
36.Kc2 Rxg3 37.Ne2 Rg4 38.Rxf5 Rg2 39.Rxc5 Be3 40.Rxc6 Rxe2 41.Kd3 Rxd2+
42.Kxe3 Bb7 43.Rc7 Rxb2 44.c5 Bg2 45.Rxa7 Rc2 46.Ra5 Kg7 47.a4 h5 48.c6 h4
49.c7 h3 50.Kd4 Rxc7  0-1

[Event "Wch U20"]
[Site "Medellin"]
[Date "1996.??.??"]
[Round "7"]
[White "Kreiman, Boris"]
[Black "Sriram, Jha"]
[Result "1-0"]
[WhiteElo "2475"]
[BlackElo "2345"]

1.d4 Nf6 2.Bg5 c5 3.Bxf6 gxf6 4.d5 Qb6 5.Qc1 f5 6.g3 Bh6 7.e3 d6 8.Nd2 Nd7
9.Bg2 Nf6 10.Ne2 Bd7 11.O-O O-O 12.Nf4 e6 13.c4 e5 14.Ne2 Kh8 15.Qc2 Rg8
16.Bh3 Ng4 17.Kh1 Qd8 18.Qc3 Rg7 19.f4 Qe8 20.Rae1 Kg8 21.e4 f6 22.exf5 Bxf5
23.fxe5 Qxe5 24.Qxe5 fxe5 25.Rxf5 Bxd2 26.Rd1 Be3 27.Rdf1 Rd8 28.Nc3 Bd4
29.Bxg4 Bxc3 30.Bh3 Bd4 31.Rf6 Re7 32.Be6+ Kh8 33.g4 e4 34.g5 Bxf6 35.gxf6 Rc7
36.Rf4 Rf8 37.Kg2 h5 38.Kf2 Kh7 39.Ke3 Kg6 40.f7 Rcxf7 41.Bxf7+ Rxf7 42.Rxe4 Rf5
43.Re6+ Rf6 44.Re8 a6 45.a4 Rf1 46.Rg8+ Kf7 47.Rb8 b5 48.axb5 axb5 49.cxb5 Rb1
50.b6 Rxb2 51.b7 Kg7 52.Ke4 h4 53.h3 Re2+ 54.Kf5 Re7  1-0